Statistics for Armenian-speaking countries

Click here to take the quiz!

General Stats

  • This quiz has been taken 706 times
  • The average score is 2 of 7

Answer Stats

Answer% Correct
Armenia
100%
Iraq
26%
Ukraine
21%
Cyprus
16%
Romania
15%
Poland
12%
Hungary
9%

Score Distribution

Percentile by Number Answered

Percent of People with Each Score

Your Score History

You have not taken this quiz